[Event "36. Copenhagen Open (Politiken Cup)"]
[Site "Elsinore"]
[Date "2014.07.22"]
[Round "3"]
[White "Wilen, Eero"]
[Black "Rose, Dennis Lauge"]
[Result "1-0"]
[WhiteElo "2087"]
[BlackElo "1839"]
[PlyCount "61"]
[EventDate "2014.07.21"]
[EventType "swiss"]
[EventRounds "10"]
[EventCountry "DEN"]
[Source "ChessBase"]
[SourceDate "2014.08.29"]

1. d4 f5 2. e4 d6 3. exf5 Bxf5 4. Qf3 Qc8 5. Bd3 Bxd3 6. Qxd3 Nc6 7. Nf3 Nf6 8.
O-O Qg4 9. d5 Nd8 10. Re1 g6 11. Nc3 a6 12. h3 Qd7 13. Bg5 Bg7 14. Qe3 Nf7 15.
Bh4 h6 16. Nd4 g5 17. Ne6 Rg8 18. Bg3 Nh5 19. Bh2 Bf6 20. Qf3 Ng7 21. Nxc7+
Qxc7 22. Qxf6 Nh5 23. Qf3 Ng7 24. Re4 Rf8 25. Qe2 Nf5 26. Re1 O-O-O 27. Rc4
Qxc4 28. Qxc4+ Kb8 29. Qb4 Nh4 30. Rxe7 b5 31. Nxb5 1-0

[Event "36. Copenhagen Open (Politiken Cup)"]
[Site "Elsinore"]
[Date "2014.07.23"]
[Round "4"]
[White "Aabling Thomsen, Jakob"]
[Black "Klings, Peter"]
[Result "1-0"]
[WhiteElo "2333"]
[BlackElo "2128"]
[PlyCount "65"]
[EventDate "2014.07.21"]
[EventType "swiss"]
[EventRounds "10"]
[EventCountry "DEN"]
[Source "ChessBase"]
[SourceDate "2014.08.29"]

1. e4 d6 2. d4 Nf6 3. Nc3 g6 4. Bg5 h6 5. Bf4 c6 6. Qd2 Bg7 7. O-O-O b5 8. f3
b4 9. Nce2 a5 10. g4 Nbd7 11. Ng3 Qc7 12. h4 e5 13. dxe5 dxe5 14. Be3 h5 15.
gxh5 Nxh5 16. Nxh5 Rxh5 17. Nh3 Nf8 18. Qf2 Be6 19. Ng5 Bh6 20. Be2 Bxg5 21.
hxg5 Nd7 22. Rxh5 gxh5 23. Qh4 O-O-O 24. Qxh5 Kb7 25. g6 fxg6 26. Qxg6 Bxa2 27.
Qg7 Be6 28. Qe7 Bh3 29. Rh1 Rh8 30. Bf1 Bxf1 31. Rxh8 c5 32. Qe8 Ba6 33. Qa8+
1-0

[Event "36. Copenhagen Open (Politiken Cup)"]
[Site "Elsinore"]
[Date "2014.07.23"]
[Round "4"]
[White "Akdag, Dara Sevkan"]
[Black "Stray, Gunnar"]
[Result "0-1"]
[WhiteElo "2236"]
[BlackElo "2053"]
[PlyCount "94"]
[EventDate "2014.07.21"]
[EventType "swiss"]
[EventRounds "10"]
[EventCountry "DEN"]
[Source "ChessBase"]
[SourceDate "2014.08.29"]

1. Nf3 d5 2. g3 Nf6 3. Bg2 c6 4. c4 g6 5. O-O Bg7 6. Qc2 O-O 7. b3 Na6 8. Bb2
Bg4 9. d3 Bxf3 10. Bxf3 Re8 11. d4 Nb4 12. Qd2 a5 13. a3 Na6 14. Rd1 Nc7 15. a4
e6 16. Nc3 Na6 17. e4 dxe4 18. Nxe4 Nxe4 19. Bxe4 Qb6 20. Qc2 Nb4 21. Qc1 Rad8
22. c5 Qa6 23. Qc4 Qa7 24. Bc3 Nd5 25. Rab1 Nxc3 26. Qxc3 Rd7 27. Rd3 Red8 28.
Rbd1 Ra8 29. h4 Qb8 30. h5 Qd8 31. hxg6 hxg6 32. Kg2 Qf6 33. Qd2 Qd8 34. Qe3
Qf6 35. Qe1 Qd8 36. Bxg6 fxg6 37. Qxe6+ Rf7 38. Qxg6 Qd5+ 39. f3 Re8 40. Kf2
Re6 41. Qg4 Rfe7 42. R1d2 Rh6 43. Qc8+ Kh7 44. g4 Rf7 45. Qe8 Bxd4+ 46. Kg2
Rhf6 47. Rd1 Rxf3 0-1

[Event "36. Copenhagen Open (Politiken Cup)"]
[Site "Elsinore"]
[Date "2014.07.23"]
[Round "4"]
[White "Akkanen, Timo"]
[Black "Myhre, Mads Wollan"]
[Result "0-1"]
[WhiteElo "1771"]
[BlackElo "1509"]
[PlyCount "108"]
[EventDate "2014.07.21"]
[EventType "swiss"]
[EventRounds "10"]
[EventCountry "DEN"]
[Source "ChessBase"]
[SourceDate "2014.08.29"]

1. Nf3 d5 2. c4 e6 3. d4 Nf6 4. Nc3 c6 5. Bg5 Nbd7 6. e3 Qa5 7. Nd2 Be7 8. Bf4
Bb4 9. Qc2 O-O 10. Be2 Re8 11. a3 Bf8 12. O-O Qd8 13. e4 dxe4 14. Ncxe4 Nxe4
15. Nxe4 Nf6 16. Rad1 Nxe4 17. Qxe4 Bd6 18. Be5 f6 19. Bh5 Re7 20. Rd3 Qc7 21.
Rfd1 Bd7 22. c5 Bxe5 23. dxe5 fxe5 24. Rd6 Be8 25. Bg4 Bf7 26. Qxe5 Rae8 27. h4
h6 28. R1d3 Kh8 29. h5 Bg8 30. Rg3 Bh7 31. Be2 Rf7 32. b4 Ref8 33. Bc4 Re8 34.
Re3 Bf5 35. f3 Bh7 36. g4 Bg8 37. f4 Rd7 38. Red3 Rxd6 39. Rxd6 Qc8 40. g5 hxg5
41. fxg5 Re7 42. Bd3 Qf8 43. Kg2 Rf7 44. Qd4 Rf4 45. Qe3 e5 46. Qxe5 Bd5+ 47.
Kg3 Rf3+ 48. Kg4 Rxd3 49. Rh6+ Kg8 50. Rf6 gxf6 51. gxf6 Qc8+ 52. Kf4 Rf3+ 53.
Kg5 Be6 54. Qe4 Rg3+ 0-1

[Event "36. Copenhagen Open (Politiken Cup)"]
[Site "Elsinore"]
[Date "2014.07.23"]
[Round "4"]
[White "Arbeus, Carl Johan"]
[Black "Hansen, Max"]
[Result "1-0"]
[WhiteElo "1819"]
[BlackElo "2009"]
[PlyCount "67"]
[EventDate "2014.07.21"]
[EventType "swiss"]
[EventRounds "10"]
[EventCountry "DEN"]
[Source "ChessBase"]
[SourceDate "2014.08.29"]

1. e4 c6 2. d4 d5 3. e5 Bf5 4. Nf3 e6 5. Be2 Nd7 6. O-O c5 7. c3 Ne7 8. a3 c4
9. Nh4 h6 10. Nxf5 Nxf5 11. b4 a5 12. Bb2 h5 13. Nd2 g6 14. b5 a4 15. Nxc4 dxc4
16. Bxc4 Bg7 17. Bd3 O-O 18. c4 Nb6 19. d5 exd5 20. Bxf5 Nxc4 21. Bd4 gxf5 22.
Qxh5 Qd7 23. Rad1 Qe6 24. Rd3 Rfe8 25. Rh3 Qg6 26. Qh4 Re6 27. f4 Nd2 28. Rd1
Ne4 29. Be3 Qg4 30. Qh7+ Kf8 31. Rxd5 Rg6 32. Rd2 Nxd2 33. Bc5+ Rd6 34. Bxd6+
1-0

[Event "36. Copenhagen Open (Politiken Cup)"]
[Site "Elsinore"]
[Date "2014.07.23"]
[Round "4"]
[White "Bach, Matthias"]
[Black "Taksrud, Vidar"]
[Result "1-0"]
[WhiteElo "2224"]
[BlackElo "2024"]
[PlyCount "79"]
[EventDate "2014.07.21"]
[EventType "swiss"]
[EventRounds "10"]
[EventCountry "DEN"]
[Source "ChessBase"]
[SourceDate "2014.08.29"]

1. d3 d5 2. Nd2 Nf6 3. e3 e5 4. c4 c6 5. a3 Bd6 6. Ne2 Nbd7 7. Ng3 Nf8 8. b4
Ng6 9. Bb2 O-O 10. Be2 Re8 11. O-O b6 12. Nh5 Nxh5 13. Bxh5 Qg5 14. Bxg6 hxg6
15. Nf3 Qh5 16. h3 e4 17. dxe4 Rxe4 18. Nd2 Rg4 19. f4 Qxh3 20. Qe2 Bf5 21. Rf3
Qh5 22. Rf2 Re8 23. cxd5 cxd5 24. Nf1 Qh6 25. Qb5 Re6 26. Qxd5 Be4 27. Qd4 Rh4
28. Ng3 Bf8 29. Rc1 Bc6 30. Rfc2 Rd6 31. Rxc6 Rxd4 32. Bxd4 Rg4 33. Ne4 Be7 34.
Nf2 Rh4 35. Rc8+ Kh7 36. Re8 Rxf4 37. Rcc8 g5 38. Rh8+ Kg6 39. Rxh6+ gxh6 40.
exf4 1-0

[Event "36. Copenhagen Open (Politiken Cup)"]
[Site "Elsinore"]
[Date "2014.07.23"]
[Round "4"]
[White "Beckett, Christopher J"]
[Black "Palm, Nikolaj"]
[Result "1/2-1/2"]
[WhiteElo "2132"]
[BlackElo "2332"]
[PlyCount "91"]
[EventDate "2014.07.21"]
[EventType "swiss"]
[EventRounds "10"]
[EventCountry "DEN"]
[Source "ChessBase"]
[SourceDate "2014.08.29"]

1. d4 d5 2. c4 e6 3. Nc3 Nf6 4. Nf3 Be7 5. Bg5 Nbd7 6. e3 O-O 7. Qc2 c6 8. a3
Re8 9. Rd1 a6 10. Be2 b5 11. c5 Bb7 12. O-O Nf8 13. Ne5 N6d7 14. Bxe7 Qxe7 15.
f4 f6 16. Nxd7 Nxd7 17. Bg4 Rad8 18. e4 e5 19. fxe5 fxe5 20. exd5 cxd5 21. Bxd7
Rxd7 22. Rde1 e4 23. Qf2 Bc6 24. b4 Rdd8 25. Qg3 Rf8 26. Nd1 g6 27. Qe3 Qg7 28.
Rf2 Rxf2 29. Nxf2 Bd7 30. Qg5 Re8 31. Qxd5+ Be6 32. Qc6 Bd7 33. Qd5+ Be6 34.
Qd6 Bf5 35. Re3 Qh6 36. Qd5+ Kh8 37. Qb3 Be6 38. Qc3 Bd5 39. Ng4 Qf4 40. Ne5
Rf8 41. Qe1 Kg7 42. h3 h5 43. Rg3 Rf6 44. Qe3 Qf5 45. Kh2 Ba8 46. Rg5 1/2-1/2

[Event "36. Copenhagen Open (Politiken Cup)"]
[Site "Elsinore"]
[Date "2014.07.23"]
[Round "4"]
[White "Biasi, Grace"]
[Black "Morling, Aase"]
[Result "1-0"]
[WhiteElo "1668"]
[BlackElo "1531"]
[PlyCount "51"]
[EventDate "2014.07.21"]
[EventType "swiss"]
[EventRounds "10"]
[EventCountry "DEN"]
[Source "ChessBase"]
[SourceDate "2014.08.29"]

1. e4 e5 2. f4 d5 3. d4 dxe4 4. fxe5 Nc6 5. Be3 Be7 6. Nc3 Bb4 7. Bc4 Bf5 8.
Nge2 Na5 9. Bb3 Nxb3 10. axb3 Ne7 11. O-O Be6 12. Nxe4 Nd5 13. Bg5 Be7 14. Qd2
h6 15. Bxe7 Qxe7 16. Nc5 Bc8 17. c4 Nb6 18. Nf4 O-O 19. Nh5 Qg5 20. Nf4 c6 21.
Ne4 Qe7 22. Nh5 Bg4 23. Nhf6+ gxf6 24. Qxh6 Nd7 25. exf6 Nxf6 26. Nxf6+ 1-0

[Event "36. Copenhagen Open (Politiken Cup)"]
[Site "Elsinore"]
[Date "2014.07.23"]
[Round "4"]
[White "Bjornsson, Eirikur K"]
[Black "Johannesen, Lars Peter Meldgaar"]
[Result "1/2-1/2"]
[WhiteElo "1939"]
[BlackElo "1711"]
[PlyCount "71"]
[EventDate "2014.07.21"]
[EventType "swiss"]
[EventRounds "10"]
[EventCountry "DEN"]
[Source "ChessBase"]
[SourceDate "2014.08.29"]

1. d4 d5 2. c4 e6 3. Nc3 Nf6 4. cxd5 exd5 5. Bg5 Be7 6. e3 O-O 7. Qc2 b6 8. Bd3
h6 9. Bf4 Bd6 10. Nge2 Bb7 11. O-O Bxf4 12. Nxf4 Nbd7 13. Rfd1 c5 14. dxc5 bxc5
15. Nfxd5 Nxd5 16. Nxd5 Qg5 17. e4 f5 18. f4 Qg4 19. Be2 Qh4 20. g3 Qh3 21. Bf1
Qh5 22. Bg2 Nf6 23. Nxf6+ gxf6 24. Qb3+ Rf7 25. Rd7 Bxe4 26. Bxe4 fxe4 27. Rad1
Raf8 28. Qe6 Qe2 29. R1d2 Qe1+ 30. Kg2 e3 31. Qg4+ Kh8 32. Re2 Qxe2+ 33. Qxe2
Rxd7 34. Qxe3 Rc7 35. f5 Kh7 36. Qf4 1/2-1/2

[Event "36. Copenhagen Open (Politiken Cup)"]
[Site "Elsinore"]
[Date "2014.07.23"]
[Round "4"]
[White "Boukhris, Yacine"]
[Black "Nielsen, Lars Aaes"]
[Result "1-0"]
[WhiteElo "2073"]
[BlackElo "2257"]
[PlyCount "69"]
[EventDate "2014.07.21"]
[EventType "swiss"]
[EventRounds "10"]
[EventCountry "DEN"]
[Source "ChessBase"]
[SourceDate "2014.08.29"]

1. e4 e6 2. d4 d5 3. Nc3 Nf6 4. Bg5 Bb4 5. e5 h6 6. Be3 Ne4 7. Qg4 Kf8 8. Bd3
Nxc3 9. a3 Na4+ 10. axb4 Nxb2 11. Be2 Nc4 12. Nf3 b5 13. O-O Nc6 14. c3 Ne7 15.
Nd2 Nf5 16. Nxc4 bxc4 17. Ra5 a6 18. Qf3 Rb8 19. g4 Ne7 20. Qg3 Kg8 21. f4 c6
22. Bd1 Rb5 23. Ra2 a5 24. Ba4 Rb7 25. Bc2 axb4 26. Ra8 b3 27. Bb1 Qc7 28. f5
Ra7 29. Rxa7 Qxa7 30. f6 Ng6 31. Bxg6 fxg6 32. f7+ Kf8 33. Qh4 Qe7 34. Qxe7+
Kxe7 35. Bc1 1-0

[Event "36. Copenhagen Open (Politiken Cup)"]
[Site "Elsinore"]
[Date "2014.07.23"]
[Round "4"]
[White "Bremer, Erik"]
[Black "Christiansen, Torsten Sundgaar"]
[Result "0-1"]
[WhiteElo "1498"]
[BlackElo "1793"]
[PlyCount "80"]
[EventDate "2014.07.21"]
[EventType "swiss"]
[EventRounds "10"]
[EventCountry "DEN"]
[Source "ChessBase"]
[SourceDate "2014.08.29"]

1. e4 g6 2. Nf3 Bg7 3. Bc4 d6 4. c3 Nf6 5. d3 Nc6 6. h3 Be6 7. Bb3 Qd7 8. Nbd2
a6 9. d4 Bxb3 10. Qxb3 Rb8 11. O-O O-O 12. Re1 e5 13. d5 Ne7 14. c4 Nh5 15. Nf1
h6 16. Be3 b6 17. Qc2 g5 18. N1h2 Ng6 19. Kh1 Nhf4 20. Bxf4 Nxf4 21. Rg1 f5 22.
a4 a5 23. Ra3 Rf6 24. Ne1 Rbf8 25. Rg3 fxe4 26. Qxe4 Qxa4 27. Ng4 R6f7 28. Ra3
Qb4 29. Qc2 Qc5 30. Ne3 Kh8 31. Nf3 Nxh3 32. Nxg5 Nxf2+ 33. Kh2 hxg5 34. Ng4
Nxg4+ 35. Kh1 e4 36. Qe2 Nf2+ 37. Kh2 Be5+ 38. g3 Rh7+ 39. Kg2 Nd3 40. Raa1
Rf2+ 0-1

[Event "36. Copenhagen Open (Politiken Cup)"]
[Site "Elsinore"]
[Date "2014.07.23"]
[Round "4"]
[White "Brondum, Eric"]
[Black "Englert, Fabian"]
[Result "0-1"]
[WhiteElo "2119"]
[BlackElo "2304"]
[PlyCount "62"]
[EventDate "2014.07.21"]
[EventType "swiss"]
[EventRounds "10"]
[EventCountry "DEN"]
[Source "ChessBase"]
[SourceDate "2014.08.29"]

1. Nf3 d5 2. d4 c6 3. g3 Nf6 4. Bg2 Bg4 5. Ne5 Bh5 6. Nd2 e6 7. c3 Be7 8. O-O
O-O 9. h3 Nbd7 10. g4 Bg6 11. Nxg6 hxg6 12. Nf3 Qc7 13. Bg5 Bd6 14. Bxf6 gxf6
15. Nd2 f5 16. f3 f4 17. Re1 Kg7 18. Nf1 Rh8 19. e4 fxe3 20. Rxe3 Bf4 21. Re2
Rh6 22. b3 Rah8 23. c4 Nf6 24. Qc2 Qb8 25. Ne3 Nh7 26. Nd1 Ng5 27. Nf2 Bg3 28.
Qd2 Bxf2+ 29. Kxf2 Nxh3+ 30. Bxh3 Rxh3 31. Ke3 Rxf3+ 0-1

[Event "36. Copenhagen Open (Politiken Cup)"]
[Site "Elsinore"]
[Date "2014.07.23"]
[Round "4"]
[White "Buchal, Stephan"]
[Black "Jacobsen, Fredrik Beer"]
[Result "1/2-1/2"]
[WhiteElo "2295"]
[BlackElo "2012"]
[PlyCount "66"]
[EventDate "2014.07.21"]
[EventType "swiss"]
[EventRounds "10"]
[EventCountry "DEN"]
[Source "ChessBase"]
[SourceDate "2014.08.29"]

1. c4 Nf6 2. g3 g6 3. Bg2 Bg7 4. Nc3 c5 5. Nf3 Nc6 6. d4 cxd4 7. Nxd4 O-O 8.
O-O Nxd4 9. Qxd4 d6 10. Qd3 Nd7 11. b3 Rb8 12. Be3 b6 13. Rac1 Ne5 14. Qd1 Bd7
15. h3 Bc6 16. Bd4 Qc7 17. Nd5 Bxd5 18. cxd5 Qb7 19. Bxe5 Bxe5 20. Qd3 Bb2 21.
Rc6 Ba3 22. h4 Rbc8 23. h5 e5 24. hxg6 hxg6 25. Qc4 a5 26. Qb5 Rb8 27. Rd1 f5
28. Rd2 Rf7 29. Rdc2 Bc5 30. Qa4 Bb4 31. Qb5 Bc5 32. Qa4 Bb4 33. Qb5 Bc5
1/2-1/2

[Event "36. Copenhagen Open (Politiken Cup)"]
[Site "Elsinore"]
[Date "2014.07.23"]
[Round "4"]
[White "Chevannes, Sabrina"]
[Black "Muschik, Benedikt"]
[Result "1/2-1/2"]
[WhiteElo "2160"]
[BlackElo "2353"]
[PlyCount "69"]
[EventDate "2014.07.21"]
[EventType "swiss"]
[EventRounds "10"]
[EventCountry "DEN"]
[Source "ChessBase"]
[SourceDate "2014.08.29"]

1. d4 g6 2. e4 Bg7 3. Nc3 d6 4. Be3 a6 5. f4 Nd7 6. Nf3 b5 7. Bd3 Bb7 8. e5 c5
9. Be4 Bxe4 10. Nxe4 Nh6 11. dxc5 Nf5 12. Qe2 Nxe3 13. Qxe3 dxe5 14. O-O-O Qc7
15. fxe5 O-O 16. e6 Ne5 17. exf7+ Nxf7 18. Kb1 h6 19. Qb3 Kh7 20. h4 Qc6 21.
Rde1 Rad8 22. Qe3 Rd5 23. Rhf1 Kg8 24. c3 Qd7 25. Nd4 b4 26. c6 Qc8 27. Nc2
bxc3 28. Nxc3 Re5 29. Qb6 Qb8 30. Qxb8 Rxb8 31. c7 Rc8 32. Rxe5 Bxe5 33. Nd5
Kg7 34. Ncb4 e6 35. Nf4 1/2-1/2

[Event "36. Copenhagen Open (Politiken Cup)"]
[Site "Elsinore"]
[Date "2014.07.23"]
[Round "4"]
[White "Christensen, Casper"]
[Black "Westerlund, Ola"]
[Result "1-0"]
[WhiteElo "2004"]
[BlackElo "1817"]
[PlyCount "63"]
[EventDate "2014.07.21"]
[EventType "swiss"]
[EventRounds "10"]
[EventCountry "DEN"]
[Source "ChessBase"]
[SourceDate "2014.08.29"]

1. e4 d6 2. d4 Nf6 3. Nc3 g6 4. f3 c6 5. Be3 b5 6. a3 Nbd7 7. Qd2 Qc7 8. Be2
Nb6 9. b3 Bg7 10. Bh6 O-O 11. h4 e5 12. dxe5 dxe5 13. g4 Rd8 14. Qe3 Bh8 15. h5
a5 16. hxg6 hxg6 17. Bg5 Bg7 18. Qf2 Be6 19. Be3 Rab8 20. Nh3 Nh7 21. Qh4 a4
22. Ng5 Nf8 23. Nh7 Nbd7 24. Bg5 f6 25. Bh6 axb3 26. Bxg7 Kxg7 27. g5 Nxh7 28.
Qxh7+ Kf8 29. Qxg6 Bg8 30. gxf6 Nxf6 31. Qxf6+ Qf7 32. Qxe5 1-0

[Event "36. Copenhagen Open (Politiken Cup)"]
[Site "Elsinore"]
[Date "2014.07.23"]
[Round "4"]
[White "Christensen, Thomas2"]
[Black "Smirnov, Anton"]
[Result "0-1"]
[WhiteElo "2139"]
[BlackElo "2334"]
[PlyCount "58"]
[EventDate "2014.07.21"]
[EventType "swiss"]
[EventRounds "10"]
[EventCountry "DEN"]
[Source "ChessBase"]
[SourceDate "2014.08.29"]

1. Nc3 c5 2. e4 d6 3. g3 Nc6 4. Bg2 g6 5. d3 Bg7 6. Nh3 e6 7. O-O Nge7 8. Be3
b6 9. Qd2 h6 10. Nf4 Bb7 11. Rab1 h5 12. h4 Qd7 13. a3 Ne5 14. Qc1 Ng4 15. Bd2
O-O 16. f3 Ne5 17. Nh3 c4 18. dxc4 Nxc4 19. Bh6 Bd4+ 20. Kh1 Rfc8 21. Ne2 Bh8
22. g4 hxg4 23. fxg4 Ne5 24. Qf4 Rxc2 25. Ng3 Ba6 26. Nh5 Bxf1 27. Rxf1 gxh5
28. Qg5+ N7g6 29. Rf6 Qe7 0-1

[Event "36. Copenhagen Open (Politiken Cup)"]
[Site "Elsinore"]
[Date "2014.07.23"]
[Round "4"]
[White "Christiansen, Niels Jorgen"]
[Black "Edwardsson, Hannu Kalervo"]
[Result "0-1"]
[WhiteElo "1664"]
[BlackElo "1455"]
[PlyCount "160"]
[EventDate "2014.07.21"]
[EventType "swiss"]
[EventRounds "10"]
[EventCountry "DEN"]
[Source "ChessBase"]
[SourceDate "2014.08.29"]

1. d4 d5 2. c4 c6 3. Nc3 e6 4. Nf3 Nf6 5. Bg5 Be7 6. e3 O-O 7. Bd3 Nbd7 8. Rc1
b6 9. cxd5 Nxd5 10. Bxe7 Qxe7 11. Nxd5 cxd5 12. O-O Nf6 13. Ne5 Bb7 14. Bb5
Rac8 15. Qa4 Rxc1 16. Rxc1 a5 17. h3 Rc8 18. Rxc8+ Bxc8 19. Qc2 Bb7 20. a4 g6
21. Kf1 Kg7 22. g4 g5 23. Bd3 h6 24. f4 gxf4 25. exf4 Ne4 26. Nf3 Qd6 27. Qh2
Qc6 28. Qc2 Qd6 29. Qc1 Qb4 30. Bb5 Qd6 31. h4 Nf6 32. g5 Nh5 33. gxh6+ Kxh6
34. Ne5 Kg7 35. Qe3 f6 36. Qg1+ Kf8 37. Qg6 fxe5 38. fxe5 Qb4 39. Qxh5 Qxd4 40.
Qh8+ Kf7 41. Qf6+ Kg8 42. Qxe6+ Kh8 43. Qe8+ Kg7 44. Qe7+ Kh6 45. Qg5+ Kh7 46.
h5 Qd1+ 47. Kf2 Qc2+ 48. Kg3 Qb3+ 49. Kh4 Qb4+ 50. Kg3 Qb3+ 51. Kf2 Qxb2+ 52.
Be2 Qd4+ 53. Qe3 Qh4+ 54. Qg3 Qd4+ 55. Kg2 Qe4+ 56. Qf3 Qxe5 57. Qf7+ Qg7+ 58.
Qxg7+ Kxg7 59. Bf3 Bc6 60. Kf2 Bxa4 61. Bxd5 Bd1 62. Ke3 Bxh5 63. Bc6 Kf7 64.
Kd2 Ke7 65. Kc3 Kd6 66. Be4 Kc5 67. Kb2 b5 68. Bf5 Kb4 69. Be6 Be2 70. Bd7 Bc4
71. Bf5 a4 72. Bc2 a3+ 73. Ka1 Kc3 74. Bf5 b4 75. Bg6 b3 76. Kb1 Bd3+ 77. Bxd3
Kxd3 78. Kc1 Kc3 79. Kb1 a2+ 80. Ka1 b2+ 0-1

[Event "36. Copenhagen Open (Politiken Cup)"]
[Site "Elsinore"]
[Date "2014.07.23"]
[Round "4"]
[White "Collareta, Giovanni"]
[Black "Haugli, Petter"]
[Result "0-1"]
[WhiteElo "2095"]
[BlackElo "2286"]
[PlyCount "70"]
[EventDate "2014.07.21"]
[EventType "swiss"]
[EventRounds "10"]
[EventCountry "DEN"]
[Source "ChessBase"]
[SourceDate "2014.08.29"]

1. c4 Nf6 2. Nf3 g6 3. Nc3 Bg7 4. g3 O-O 5. Bg2 d6 6. O-O Nc6 7. d3 e5 8. Rb1
Bf5 9. e4 Bd7 10. b4 a6 11. a4 Re8 12. b5 axb5 13. axb5 Na5 14. Nd2 Bh6 15. Nb3
Bxc1 16. Qxc1 Nxb3 17. Rxb3 Ra5 18. f4 Qe7 19. f5 Kg7 20. g4 h6 21. Qe1 Rea8
22. Qg3 Ra1 23. Rb2 Rxf1+ 24. Bxf1 Ra3 25. Nd5 Nxd5 26. cxd5 Rc3 27. h4 g5 28.
b6 gxh4 29. Qe1 Rc5 30. bxc7 b5 31. Rf2 Qg5 32. f6+ Kh7 33. Qa5 Bxg4 34. Kh1
Qe3 35. Qa2 Rxc7 0-1

[Event "36. Copenhagen Open (Politiken Cup)"]
[Site "Elsinore"]
[Date "2014.07.23"]
[Round "4"]
[White "Cornette, Matthieu"]
[Black "Rapport, Richard"]
[Result "1/2-1/2"]
[WhiteElo "2532"]
[BlackElo "2701"]
[PlyCount "59"]
[EventDate "2014.07.21"]
[EventType "swiss"]
[EventRounds "10"]
[EventCountry "DEN"]
[Source "ChessBase"]
[SourceDate "2014.08.29"]

1. e4 c5 2. Nc3 e6 3. Nge2 a6 4. g3 h5 5. h3 b5 6. Bg2 Bb7 7. d4 cxd4 8. Nxd4
Nf6 9. O-O h4 10. g4 b4 11. Nd5 exd5 12. exd5 Bc5 13. Bg5 Kf8 14. Nf5 d6 15.
Qd2 Nbd7 16. Rae1 Ne5 17. Kh1 a5 18. f4 Nc4 19. Qc1 Bc8 20. Nxg7 Kxg7 21. b3
Na3 22. c4 bxc3 23. f5 Ba6 24. Rf4 c2 25. Re6 fxe6 26. fxe6 Rf8 27. Rf5 Rc8 28.
Bxf6+ Qxf6 29. Rg5+ Kh8 30. Rh5+ 1/2-1/2

[Event "36. Copenhagen Open (Politiken Cup)"]
[Site "Elsinore"]
[Date "2014.07.23"]
[Round "4"]
[White "Dahl, Steve"]
[Black "Nilsson, Carl Axel"]
[Result "1-0"]
[WhiteElo "1802"]
[BlackElo "1696"]
[PlyCount "65"]
[EventDate "2014.07.21"]
[EventType "swiss"]
[EventRounds "10"]
[EventCountry "DEN"]
[Source "ChessBase"]
[SourceDate "2014.08.29"]

1. e4 c5 2. Nf3 d6 3. d4 cxd4 4. Nxd4 Nf6 5. Nc3 a6 6. Be3 Ng4 7. Bg5 h6 8. Bh4
g5 9. Bg3 Bg7 10. Qd2 Nc6 11. Nb3 Be6 12. f3 Nge5 13. O-O-O Bxb3 14. axb3 b5
15. Kb1 O-O 16. h4 gxh4 17. Bxh4 Ng6 18. Bf2 Qa5 19. Na2 Qxd2 20. Rxd2 b4 21.
Bc4 a5 22. Be3 Kh7 23. f4 f5 24. exf5 Rxf5 25. Bd3 Rf6 26. g4 Kg8 27. g5 hxg5
28. fxg5 Rf3 29. Bxg6 Rxe3 30. Rf2 Bf8 31. Bf7+ Kg7 32. g6 Ne5 33. Rh7# 1-0

[Event "36. Copenhagen Open (Politiken Cup)"]
[Site "Elsinore"]
[Date "2014.07.23"]
[Round "4"]
[White "Daulyte, Deimante"]
[Black "Hoiberg, Nina"]
[Result "1-0"]
[WhiteElo "2405"]
[BlackElo "2224"]
[PlyCount "105"]
[EventDate "2014.07.21"]
[EventType "swiss"]
[EventRounds "10"]
[EventCountry "DEN"]
[Source "ChessBase"]
[SourceDate "2014.08.29"]

1. e4 e5 2. Nf3 Nc6 3. Bb5 d6 4. d4 Bd7 5. Nc3 Nf6 6. Bxc6 Bxc6 7. Qd3 exd4 8.
Nxd4 h6 9. O-O g6 10. f4 Nd7 11. Nxc6 bxc6 12. Qd4 Rg8 13. Qc4 Nb6 14. Qxc6+
Qd7 15. Qb7 Qc8 16. Qxc8+ Rxc8 17. Be3 Bg7 18. Nb5 Nc4 19. Bxa7 c6 20. Nc3 Nxb2
21. e5 dxe5 22. fxe5 Ra8 23. Bd4 Rd8 24. Ne2 Nc4 25. a4 Nxe5 26. a5 Nf3+ 27.
Rxf3 Bxd4+ 28. Nxd4 Rxd4 29. a6 Ke7 30. Re1+ Kf8 31. Rc3 Kg7 32. Rxc6 Ra8 33.
Re7 Ra4 34. Rcc7 R4xa6 35. Rxf7+ Kg8 36. Rg7+ Kh8 37. Rh7+ Kg8 38. Rxh6 Rf8 39.
h3 Rf7 40. Rh8+ Kg7 41. Rh7+ Kxh7 42. Rxf7+ Kh6 43. c4 Kg5 44. Rf3 Rc6 45. Rg3+
Kf4 46. Kf2 Ke4 47. Rg4+ Kf5 48. Ke3 g5 49. Kd4 Rd6+ 50. Kc5 Re6 51. Kb5 Re5+
52. c5 Ke6 53. Kb6 1-0

[Event "36. Copenhagen Open (Politiken Cup)"]
[Site "Elsinore"]
[Date "2014.07.23"]
[Round "4"]
[White "Derakhshani, Dorsa"]
[Black "Carstensen, Jacob"]
[Result "0-1"]
[WhiteElo "2169"]
[BlackElo "2375"]
[PlyCount "56"]
[EventDate "2014.07.21"]
[EventType "swiss"]
[EventRounds "10"]
[EventCountry "DEN"]
[Source "ChessBase"]
[SourceDate "2014.08.29"]

1. e4 c5 2. Nf3 d6 3. d4 Nf6 4. Nc3 cxd4 5. Nxd4 a6 6. Be3 e5 7. Nb3 Be6 8. h3
Be7 9. f4 exf4 10. Bxf4 Nc6 11. g4 Nd7 12. Qf3 Bh4+ 13. Bg3 Bxb3 14. cxb3 Nd4
15. Qf2 Bxg3 16. Qxg3 Nc2+ 17. Kd1 Nxa1 18. Qxd6 Nc5 19. Qxd8+ Rxd8+ 20. Kc1
Naxb3+ 21. axb3 Nxb3+ 22. Kc2 Nd4+ 23. Kb1 b5 24. Nd5 O-O 25. Bd3 Nb3 26. Bc2
Nd2+ 27. Kc1 Nf3 28. Rd1 Rfe8 0-1

[Event "36. Copenhagen Open (Politiken Cup)"]
[Site "Elsinore"]
[Date "2014.07.23"]
[Round "4"]
[White "Djurhuus, Eivind X"]
[Black "Lunde, Sigmund"]
[Result "1-0"]
[WhiteElo "2079"]
[BlackElo "1879"]
[PlyCount "33"]
[EventDate "2014.07.21"]
[EventType "swiss"]
[EventRounds "10"]
[EventCountry "DEN"]
[Source "ChessBase"]
[SourceDate "2014.08.29"]

1. c4 c5 2. Nf3 Nc6 3. Nc3 Nf6 4. g3 e6 5. Bg2 d5 6. cxd5 exd5 7. d4 b6 8. Bg5
Be6 9. Qa4 Qd7 10. Bxf6 gxf6 11. Rd1 Rd8 12. O-O Bg7 13. dxc5 bxc5 14. Ne4 c4
15. Nc5 Qc7 16. Nd4 Rd6 17. Nb5 1-0

[Event "36. Copenhagen Open (Politiken Cup)"]
[Site "Elsinore"]
[Date "2014.07.23"]
[Round "4"]
[White "Eckhardt, Lars H"]
[Black "Andersen, Dag"]
[Result "1-0"]
[WhiteElo "2072"]
[BlackElo "1862"]
[PlyCount "121"]
[EventDate "2014.07.21"]
[EventType "swiss"]
[EventRounds "10"]
[EventCountry "DEN"]
[Source "ChessBase"]
[SourceDate "2014.08.29"]

1. d4 e6 2. c4 Nf6 3. Nf3 d5 4. Nc3 Be7 5. Bg5 h6 6. Bh4 O-O 7. e3 b6 8. cxd5
exd5 9. Bd3 Bb7 10. O-O Ne4 11. Bxe7 Qxe7 12. Qb3 Nxc3 13. Qxc3 Ba6 14. Rac1
Bxd3 15. Qxd3 Rc8 16. Rfd1 Nd7 17. Rc6 Nb8 18. Rc3 c6 19. Rdc1 a5 20. Qf5 Rc7
21. Ne5 c5 22. Nd3 Qe4 23. Qf4 Na6 24. dxc5 bxc5 25. Qxe4 dxe4 26. Nxc5 Nxc5
27. Rxc5 Rxc5 28. Rxc5 Rb8 29. Rxa5 Rxb2 30. g4 Rb4 31. Kg2 g5 32. Kg3 Kg7 33.
h4 f6 34. Ra7+ Kg8 35. h5 Rc4 36. Kg2 Rb4 37. a4 Rc4 38. a5 Ra4 39. Kg3 Ra1 40.
a6 Ra2 41. Ra8+ Kg7 42. a7 Ra4 43. Kg2 Ra1 44. Kh2 Ra2 45. Kg3 Ra4 46. f3 exf3
47. Kxf3 Ra3 48. Ke4 Ra5 49. Kd4 Ra1 50. e4 Ra5 51. Kc4 Ra1 52. Kd5 Ra2 53. Kc6
Rc2+ 54. Kd6 Ra2 55. Rc8 Ra6+ 56. Rc6 Rxa7 57. Rc7+ Rxc7 58. Kxc7 Kf8 59. Kd7
Kf7 60. Kd6 f5 61. exf5 1-0